Serie A Footballer of the Year - Statistics

General Stats
  • This quiz has been taken 594 times
    120 since last reset
  • The average score is 17 of 23
Answer Stats
Player % Correct
Cristiano Ronaldo
95%
Lautaro Martínez
93%
Ronaldo
93%
Francesco Totti
87%
Scott McTominay
87%
Gianluigi Buffon
86%
Rafael Leão
86%
Khvicha Kvaratskhelia
84%
Romelu Lukaku
84%
Andrea Pirlo
83%
Zlatan Ibrahimovic
83%
Kaka
76%
Diego Milito
75%
Leonardo Bonucci
72%
Mauro Icardi
66%
Carlos Tévez
64%
Fabio Cannavaro
61%
Pavel Nedved
60%
David Trezeguet
59%
Zinédine Zidane
55%
Roberto Mancini
51%
Christian Vieri
38%
Alberto Gilardino
19%
No matching quizzes found
Score Distribution
Percent of People with Each Score
Percentile by Number Answered
Your Score History
You have not taken this quiz since the last reset